000 00952cab a2200253 4500
001 ABS52767
008 090401t1995 xxu||||| |||| 00| 0 eng d
035 _a(Sirsi) u23
041 _aeng
100 _aLangdon, M.
245 _aCourts may have a will to extend duty of care
260 _c1995
350 _a0
490 _aProperty Week
_v51(4) 27 April 1995, 28(1)
520 _aQueries the implications for professions of the extension of duty of care found in "White and another v Jones and others" (1995). In this case the testator died before the solicitor had prepared the will as instructed reinstating the testator`s daughters as beneficiaries. The daughters were found to have a claim against the solicitor.
650 _aLOSS
650 _aNEGLIGENCE
650 _aROSS V CAUNTERS
650 _aSOLICITORS
650 _aWILLS
690 _aMANAGEMENT-BUSINESS MANAGEMENT-PROFESSIONAL PRACTICE
942 _n0
948 _c04/03/1997
999 _c8
_d8